LEADER 01282nam a2200313 a 4500 001 000000121882 003 CaOOAMICUS 005 20140909114414.0 008 100521s1999 it u000 u ita r 020 $a88-15-07358-2 040 $aPUL$bita$dReb 041 1 $aita$hger 082 04$a909 100 1 $aMertens, Dieter.$0(OLS)http://pul/name/62916 240 10$aGeschichte der politischen ideen$lItaliano.$0(OLS)http://pul/title/153350 245 13$aIl pensiero politico medievale /$cDieter Mertens. 260 $aBologna :$bIl Mulino,$c©1999. 300 $a156 p. ;$c21 cm. 490 1 $aUniversale paperbacks Il Mulino ;$v368 504 $aBibliografia p. 135-150. 650 4$aMedioevo$xPolitica e governo.$0(OLS)http://pul/subject/10717 830 0$aUniversale paperbacks Il Mulino ;$v368.$0(OLS)http://pul/title/190 850 $aPUL 852 $aPUL$W1$xDP2 Filosofia 3$y112$m909 COLL 2.368$j139877$qDDC 21$B139070$CPULBib$Z2$F139070 $H113800 $82 941 1 $a9 996 $6020$a88-15-07358-2$9(OLS)http://pul/number/144319 996 $6082$a909$9(OLS)http://pul/classification/566 996 $6245$aIl pensiero politico medievale$9(OLS)http://pul/title/20706 996 $6260$aBologna :$bIl Mulino$9(OLS)http://pul/publisher/47928 LEADER 00933naa a2200193 u 4500 001 000000103282 003 CaOOAMICUS 005 20070226130215.0 008 061106s1966 it u000 u ger u 035 $a11105462 040 $aIAR$bita 100 1 $aGieben, Servus,$cO.F.M.Cap.,$d1924-$0(OLS)http://pul/name/10842 245 14$aDas Licht als Entelechie bei Robert Grosseteste /$cServus Gieben. 260 $aMilano :$bSocietà editrice Vita e pensiero,$c[1966] 300 $ap. 372-378 ;$c24 cm 500 $aIAR: CF.175 773 0 $aCongrès international de philosophie médiévale.$tLa filosofia della natura nel Medioevo : atti del 3. Congresso internazionale di filosofia medioevale, Passo della Mendola (Trento) 31 agosto-5 settembre 1964$w()9030 996 $6245$aDas Licht als Entelechie bei Robert Grosseteste$9(OLS)http://pul/title/130189 996 $6260$aMilano :$bSocietà editrice Vita e pensiero$9(OLS)http://pul/publisher/49967